John Irving Novels Quiz Stats

 Plays Quiz Updated Mar 16, 2020

     
Support Sporcle.
Go Orange.
Score 0/14 Timer 04:00
0 Plays Today
Year Published Novel % Correct
1978The World According to Garp
85.5%
1989A Prayer for Owen Meany
81%
1985The Cider House Rules
78.5%
1981The Hotel New Hampshire
62.5%
1998A Widow for One Year
41.8%
1994A Son of the Circus
33%
2001The Fourth Hand
32.5%
Year Published Novel % Correct
1968Setting Free the Bears
32.3%
2012In One Person
29.7%
1972The Water-Method Man
29.1%
2005Until I Find You
27.4%
2015Avenue of Mysteries
26.5%
1974The 158-Pound Marriage
25.5%
2009Last Night In Twisted River
16.1%

From the Vault

Video Game Taglines

by Nando

Gaming 5m
My personal favorite - One giant step on mankind.
Remove Ads.
Support Sporcle.
Get the best of Sporcle when you Go Orange. This ad-free experience offers more features, more stats, and more fun while also helping to support Sporcle. Thank you for becoming a member.

Show Comments

Extras

Top Quizzes Today


Score Distribution

Your Account Isn't Verified!

In order to create a playlist on Sporcle, you need to verify the email address you used during registration. Go to your Sporcle Settings to finish the process.

Report this User

Report this user for behavior that violates our Community Guidelines.

Details: